000 00508nam a2200145 4500
999 _c10527
_d10527
008 180904b ||||| |||| 00| 0 eng d
022 _a16565649
082 _aDPer 303.405 H22 June -Sept 2016 v.12 n. 7-10
100 _930883
_aLucas, Ashley.
245 _aHuawei mate 8:
_bbringing style to life/
_cAshley Lucas.
260 _aQuezon City:
_bHardware Zone Phils. Corp.,
_c©June -Sept 2016.
300 _av12 n8, page 50:
_billustrations;
_c28 cm.
650 0 _930884
_aCellular telephones.
942 _2ddc
_cPER